000 01858nam a2200301Ia 4500
999 _c53519
_d53519
001 20565
003 GE_BSU
005 20210220233850.0
008 181216s2014||||ge |||||||||||||| ||geo||
020 _a9789941232305
040 _cGE_BSU
041 _ageo
080 _a616.314(075.8) პ-19
245 _aპაროდონტოლოგია :
_bსახელმძღვ. სტომატოლოგიის ფაკ. სტუდენტთათვის, რეზიდენტების და ექიმი-სტომატოლოგებისთვის /
_cმანანა ივერიელი, ნინო აბაშიძე, ლალი ჯაში, ხატია გოგოლიშვილი ; რედ. : მარინა ყიფშიძე, ნათია ნაფეტვარიძე.
264 _aთბილისი :
_bთბილისის სახელმწ. სამედიცინო უნ-ტის გამ-ბა,
_c2014.
300 _a356 გვ. ;
_c38 სმ.
541 _h88 ლ.
653 _aმედიცინა
653 _aპაროდონტოლოგია
653 _aსტომატოლოგია
700 _aივერიელი, მანანა
_eავტორი
_910171
700 _aაბაშიძე, ნინო
_eავტორი
_910172
700 _aჯაში, ლალი
_eავტორი
_910173
700 _aგოგოლიშვილი, ხატია
_eავტორი
_910174
700 _a ყიფშიძე, მარინა
_eრედაქტორი
_910175
700 _aნაფეტვარიძე, ნათია
_eრედაქტორი
_q
_910176
942 _cBK
_2udc